<?xml version="1.0" encoding="UTF-8"?>
<marc:record xmlns:marc="http://www.loc.gov/MARC21/slim">
   <marc:leader>00000nam a2200000 a 4500</marc:leader>
   <marc:datafield ind1="1" ind2=" " tag="100">
      <marc:subfield code="a">Lindgren, Astrid</marc:subfield>
      <marc:subfield code="4">aut</marc:subfield>
      <marc:subfield code="e">Verfasser/-in</marc:subfield>
   </marc:datafield>
   <marc:datafield ind1="0" ind2="0" tag="245">
      <marc:subfield code="a">Kalle Blomquist</marc:subfield>
   </marc:datafield>
   <marc:datafield ind1="0" ind2="0" tag="245">
      <marc:subfield code="b">Gelb</marc:subfield>
   </marc:datafield>
   <marc:datafield ind1="0" ind2="0" tag="245">
      <marc:subfield code="c">Lindgren, Astrid</marc:subfield>
   </marc:datafield>
   <marc:datafield ind1=" " ind2="1" tag="264">
      <marc:subfield code="a">Hamburg</marc:subfield>
   </marc:datafield>
   <marc:datafield ind1="1" ind2=" " tag="520">
      <marc:subfield code="a">Warum hat er nicht das Glück gehabt, in London oder Chicago zur Welt zu kommen, wo Verbrechen an der Tagesordnung sind? Warum musste er ausgerechnet in diesem langweiligen Kleinköping geboren werden? In diesem Nest passiert aber auch rein gar nichts. Bis zu der Sache mit dem Juwelendiebstahl. Seither stolpert er über Strolche und Banditen wie gewöhnliche Menschen über Baumwurzeln. Wer? Kalle Blomquist natürlich, der Meisterdetektiv. Wetten, dass er bald in einem Atemzug mit Sherlock Holmes, Hercule Poirot und Lord Peter Wimsey genannt wird?</marc:subfield>
   </marc:datafield>
   <marc:datafield ind1=" " ind2=" " tag="020">
      <marc:subfield code="a">9783789141300</marc:subfield>
      <marc:subfield code="9">9783789141300</marc:subfield>
   </marc:datafield>
   <marc:datafield ind1=" " ind2=" " tag="338">
      <marc:subfield code="a">Band</marc:subfield>
   </marc:datafield>
   <marc:datafield ind1=" " ind2=" " tag="300">
      <marc:subfield code="a">4464S.</marc:subfield>
   </marc:datafield>
</marc:record>
